| 000 | 00848nam a2200241 i 4500 | ||
|---|---|---|---|
| 001 | 139439 | ||
| 003 | ES-MaACL | ||
| 005 | 20250825033347.0 | ||
| 007 | t| | ||
| 008 | 070214s1967 sp r ||||1| spa d | ||
| 080 | _a372(05)(46.1) | ||
| 100 | 1 |
_aSastre, José Luis. _9103919 |
|
| 245 | 1 | 4 |
_a"El Magisterio español" : _bun siglo de periodismo profesional / _cJosé Luis Sastre ; prólogo de José Altabella. |
| 260 |
_aMadrid : _bMagisterio Español, _c1967. |
||
| 300 |
_aXVII, 227 p., 10 lám. ; _c23 cm. |
||
| 630 | 0 | 3 |
_aEl Magisterio español. _9173068 |
| 650 | 4 |
_aPeriodismo- _zEspaña- _yS.XIX. _9161039 |
|
| 650 | 7 |
_aPeriodismo- _zEspaña- _yS.XX _2 _9149453 |
|
| 650 | 4 |
_aPeriodismo especializado- _zEspaña. _915959 |
|
| 700 | 1 |
_aAltabella, José, _d1921-1995 _920504 |
|
| 852 |
_aES-MaACL _jC-33149 |
||
| 999 |
_c139439 _d139439 |
||